000 00504nam a2200181Ia 4500
008 151202s9999||||xx |||||||||||||| ||und||
082 _bPNVM-83198
100 _aउदारे रमेश.
245 _aतो राजहंस एक.
260 _b---
260 _c0
300 _a0
600 _aउदारे रमेश.
630 _aतो राजहंस एक.
700 _aउदारे रमेश.
730 _aतो राजहंस एक.
942 _cBOOK
999 _c1348002
_d1347999